Enfrentando la globalización: respuestas sociales a la integración económica de México /

Guardado en:
Bibliografiske detaljer
Hovedforfatter: Carlsen, Laura
Andre forfattere: Wise, Tim, Salazar, Hilda
Format: Ukendt
Udgivet: México, D.F.: Red Mexicana de Acción Frente al Libre Comercio
Fag:
Tags: Tilføj Tag
Ingen Tags, Vær først til at tagge denne postø!

MARC

LEADER 00000 a2200000 04500
001 35121
003
008 991231s d
040
090 |a 0001 C284e  
100 |a Carlsen, Laura  
245 |a Enfrentando la globalización: respuestas sociales a la integración económica de México /  |c Laura Carlsen 
260 |a México, D.F.:   |b Red Mexicana de Acción Frente al Libre Comercio  
300 |a 273 p.  
650 |a MIGRANTES  
650 |a IDENTIDAD NACIONAL  
650 |a COMUNIDADES  
650 |a REMESAS  
650 |a MEXICO  
650 |a ESTADOS UNIDOS  
700 |a   
700 |a Wise, Tim  
700 |a   
700 |a Salazar, Hilda  
700 |a   
999 |c 11947  |d 11947